La Jaula de la melancolía : (Record no. 36407)
[ view plain ]
| 000 -LEADER | |
|---|---|
| fixed length control field | 00775nam a22002297a 4500 |
| 005 - DATE AND TIME OF LATEST TRANSACTION | |
| control field | 20170526124605.0 |
| 008 - FIXED-LENGTH DATA ELEMENTS--GENERAL INFORMATION | |
| fixed length control field | 170526b mx ||||| |||| 00| 0 spa d |
| 020 ## - INTERNATIONAL STANDARD BOOK NUMBER | |
| International Standard Book Number | 9685958173 |
| 050 04 - LIBRARY OF CONGRESS CALL NUMBER | |
| Classification number | F1210 |
| Item number | B37 2005 |
| 100 1# - MAIN ENTRY--PERSONAL NAME | |
| Personal name | Bartra, Roger, |
| Dates associated with a name | [1942- ] |
| Fuller form of name | Bartra, Roger |
| 245 13 - TITLE STATEMENT | |
| Title | La Jaula de la melancolía : |
| Remainder of title | identidad y metamorfosis del mexicano |
| Statement of responsibility, etc | Roger Bartra |
| 250 ## - EDITION STATEMENT | |
| Edition statement | 1a ed. |
| 260 ## - PUBLICATION, DISTRIBUTION, ETC. (IMPRINT) | |
| Place of publication, distribution, etc | Mexico : |
| Name of publisher, distributor, etc | Debolsillo, |
| Date of publication, distribution, etc | 2005 |
| 300 ## - PHYSICAL DESCRIPTION | |
| Extent | 301 p. : |
| Other physical details | il. ; |
| Dimensions | 19 cm. |
| 490 #0 - SERIES STATEMENT | |
| Series statement | Ensayo. Filosofia |
| 504 ## - BIBLIOGRAPHY, ETC. NOTE | |
| Bibliography, etc | Bibliografia: p. 275-301 |
| 504 ## - BIBLIOGRAPHY, ETC. NOTE | |
| Bibliography, etc | índice |
| 650 #7 - SUBJECT ADDED ENTRY--TOPICAL TERM | |
| Source of heading or term | LEMB |
| Topical term following geographic name as entry element | Nacionalismo |
| Geographic subdivision | México |
| General subdivision | Historia |
| Form subdivision | Siglo XX |
| 651 #7 - SUBJECT ADDED ENTRY--GEOGRAPHIC NAME | |
| Source of heading or term | LEMB |
| Geographic name | México |
| General subdivision | Condiciones sociales |
| Chronological subdivision | 1970 |
| 651 #7 - SUBJECT ADDED ENTRY--GEOGRAPHIC NAME | |
| Source of heading or term | LEMB |
| Geographic name | México |
| General subdivision | Politica y gobierno |
| Chronological subdivision | Siglo XX |
| 942 ## - ADDED ENTRY ELEMENTS (KOHA) | |
| Source of classification or shelving scheme | Biblioteca del Cogreso de los Estados Unidos |
| Koha item type | Libro |
| Estado de pérdida | Fuente de clasificación | Estado del daño | No para préstamo | Ubicación permanente | Ubicación actual | Fecha de adquisición | Fuente de adquisición | Enumeración de Serie / Cronológica | Clasificación | Código de Barras | Date last seen | Número de copia | Tipo de recurso | Nota pública | Apartado o colección | Edición | Dependencia de educación superior (DES) | Área del conocimiento |
|---|---|---|---|---|---|---|---|---|---|---|---|---|---|---|---|---|---|---|
| Biblioteca del Cogreso de los Estados Unidos | Biblioteca de la Facultad de Letras | Biblioteca de la Facultad de Letras | 12/03/2013 | LLH000002186 | F1210 B37 2006 | LLH000002186 | 12/03/2013 | C:1 | Libro | General | ||||||||
| Biblioteca del Cogreso de los Estados Unidos | Biblioteca del Instituto de Investigaciones Históricas | Biblioteca del Instituto de Investigaciones Históricas | 29/03/2017 | Proyecto de Investigación | F1210 B37 2005 | IIH000001216 | 29/03/2017 | C:1 | Libro | General | 1a ed. | Humanidades | Ciencias Sociales y Administrativas |